| Tag |
First Indicator |
Second Indicator |
Subfields |
| LEADER |
00000cam a2200000 i 4500 |
| 001 |
in00004638121 |
| 006 |
m o d |
| 007 |
cr |n||||||||| |
| 008 |
160123s2016 enk obf 001 0 eng d |
| 005 |
20230110224103.4 |
| 035 |
|
|
|a (OCoLC)ocn935259635
|
| 040 |
|
|
|a EBLCP
|b eng
|e pn
|c EBLCP
|d COO
|d RECBK
|d OCLCQ
|d CCO
|d OCLCO
|d OCLCF
|d IDB
|d LOA
|d COCUF
|d K6U
|d STF
|d OCLCO
|d PIFAG
|d FVL
|d VT2
|d MERUC
|d ZCU
|d U3W
|d UAB
|d WRM
|d OCLCQ
|d ICG
|d UKMGB
|d D6H
|d UMR
|d CEF
|d OCLCQ
|d WYU
|d LVT
|d S9I
|d TKN
|d FUG
|d N$T
|d YDXCP
|d IDEBK
|d UIU
|d DEBSZ
|d DEBBG
|d UPM
|d DG1
|d CUS
|d MERER
|d LIP
|d VLB
|d KNOVL
|d CHVBK
|d RRP
|d DKC
|d VNHUS
|d AU@
|d OCLCQ
|d OCL
|d OCLCQ
|d UKAHL
|d MM9
|d OCLCO
|d OCLCQ
|
| 016 |
7 |
|
|a 017702869
|2 Uk
|
| 019 |
|
|
|a 934513990
|a 934770379
|a 951602008
|a 992820810
|a 1036830387
|a 1038743559
|a 1066519018
|a 1074374225
|a 1080633052
|a 1089121530
|a 1097126008
|
| 020 |
|
|
|a 9781119145318
|
| 020 |
|
|
|a 1119145317
|
| 020 |
|
|
|a 9781848218413
|
| 020 |
|
|
|a 1848218419
|q (Trade Cloth)
|
| 020 |
|
|
|a 9781119145325
|
| 020 |
|
|
|a 1119145325
|
| 020 |
|
|
|a 9781523110049
|q (electronic bk.)
|
| 020 |
|
|
|a 152311004X
|q (electronic bk.)
|
| 020 |
|
|
|z 9781119145301
|
| 020 |
|
|
|z 1119145309
|
| 024 |
3 |
|
|a 9781848218413
|
| 035 |
|
|
|a (OCoLC)935259635
|z (OCoLC)934513990
|z (OCoLC)934770379
|z (OCoLC)951602008
|z (OCoLC)992820810
|z (OCoLC)1036830387
|z (OCoLC)1038743559
|z (OCoLC)1066519018
|z (OCoLC)1074374225
|z (OCoLC)1080633052
|z (OCoLC)1089121530
|z (OCoLC)1097126008
|
| 037 |
|
|
|a 9781119145325
|b Wiley
|
| 050 |
|
4 |
|a TK6570.N43
|b .P374 2016eb
|
| 072 |
|
7 |
|a TEC
|x 009070
|2 bisacsh
|
| 082 |
0 |
4 |
|a 621.384
|2 23
|
| 049 |
|
|
|a TXAM
|
| 100 |
1 |
|
|a Paret, Dominique.
|
| 245 |
1 |
0 |
|a Antenna designs for NFC devices /
|c Dominique Paret.
|
| 264 |
|
1 |
|a London, UK :
|b ISTE ;
|a Hoboken, NJ, USA :
|b Wiley,
|c 2016.
|
| 300 |
|
|
|a 1 online resource (345 pages)
|
| 336 |
|
|
|a text
|b txt
|2 rdacontent
|
| 337 |
|
|
|a computer
|b c
|2 rdamedia
|
| 338 |
|
|
|a online resource
|b cr
|2 rdacarrier
|
| 347 |
|
|
|a data file
|
| 490 |
1 |
|
|a Waves Series
|
| 588 |
0 |
|
|a Print version record.
|
| 520 |
8 |
|
|a Near-field communication (NFC) enables the exchange of information between close devices. The antenna is the indispensable element to transform an electronic device into an NFC system. For both theory and practice, this book presents in detail the design technologies of different antennas. They must meet the NFC ISO 18 092 and 21 481 standards as well as specifications by the NFC Forum for industrial applications, by EMVCo for banking applications and payments, and by CEN for public transport. In a particularly pedagogic way, Antenna Designs for NFC Devices enables designers of communicating object systems and the Internet of Things (IoT) to have access to the mysteries of the design of NFC antennas.
|
| 504 |
|
|
|a Includes bibliographical references and index.
|
| 650 |
|
0 |
|a Near-field communication.
|
| 650 |
|
0 |
|a Near-field communication
|v Handbooks, manuals, etc.
|
| 650 |
|
6 |
|a Communication en champ proche.
|
| 650 |
|
6 |
|a Communication en champ proche
|v Guides, manuels, etc.
|
| 650 |
|
7 |
|a TECHNOLOGY & ENGINEERING
|x Mechanical.
|2 bisacsh
|
| 650 |
|
7 |
|a Near-field communication.
|2 fast
|0 (OCoLC)fst01748944
|
| 655 |
|
7 |
|a Electronic books.
|2 local
|
| 655 |
|
7 |
|a Handbooks and manuals.
|2 fast
|0 (OCoLC)fst01423877
|
| 655 |
|
7 |
|a Handbooks and manuals.
|2 lcgft
|
| 710 |
2 |
|
|a Knovel (Firm)
|
| 776 |
0 |
8 |
|i Print version:
|a Paret, Dominique.
|t Antenna Designs for NFC Devices.
|d : Wiley, ©2016
|z 9781119145301
|
| 830 |
|
0 |
|a Waves series.
|
| 856 |
4 |
0 |
|u http://proxy.library.tamu.edu/login?url=https://app.knovel.com/hotlink/toc/id:kpADNFCD0A/antenna-designs-for?kpromoter=marc
|z Connect to the full text of this electronic book
|t 0
|
| 936 |
|
|
|a BATCHLOAD
|
| 955 |
|
|
|a Knovel ebooks
|
| 994 |
|
|
|a 92
|b TXA
|
| 999 |
f |
f |
|s 35fc5e10-823b-428d-acdb-77c4ad647d95
|i e36db92c-8802-4999-93b7-7dc2f68b351d
|t 0
|
| 952 |
f |
f |
|a Texas A&M University
|b College Station
|c Electronic Resources
|d Available Online
|t 0
|e TK6570.N43 .P374 2016eb
|h Library of Congress classification
|
| 998 |
f |
f |
|a TK6570.N43 .P374 2016eb
|t 0
|l Available Online
|